POLSKI RAP - Statystyki

Ogólne statystyki
  • Ten quiz został rozwiązany 266 razy
  • Średni wynik to 7 z 26
Statystyki odpowiedzi
Hint Odpowiedź % Poprawnych
"Jeśli chodzi o kobiety, _____________Podpierałem ściany dyskoteki" nigdy nie byłem odważny
76%
"Więc do ogniska wrzuć stare zdjęcia Czuję ciągle chłód jak Syberia Tylko tobą __________" pachnie lawenda
65%
Kiedyś zwykły sandals dzisiaj _______Czapka bez daszka czyli kapelusik" sandał Gucci
59%
"Już tłumaczę, prosta sprawa
Wie pan co to znaczy trappin'?
________________________"
Nie pracować, a zarabiać
55%
"Czuje stres i presje, ale tańczę jak _________Ale tańczę, jaki życie ode mnie" Elvis Presley
48%
"Kiedy zabraknie mi Ciebie jak dziś
Wyglądałaś tak ładnie
________ i jeans"
Czarne Vansy
45%
"Jestem poza kontrolą, ______________________Bo nic nie mam, moje logo, mówi Ci, że jestem sobą" zabrać nic już mi nie mogą
43%
"Panie myślą że zabijam A ja na chacie chodzę w ________" klapkach różowych
37%
"Ej, czasami śmiesznie jest, dzieciaki robią se zdjęcia Matka się pyta mnie, ____________" Przepraszam, kim pan jest?
31%
"Nie idę na prawo, choć byłem na prawie
___________ i już nie naprawię
Nie wystarczy prawie, bo musi się udać"
Łamię to prawo
29%
"Idę po hotdoga na Orlenka, do Orlenka Jest kolejka, _________, noc jest piękna więc idę se do Cerfa
29%
"Rzucamy wam prezenty jak wujkowie z Ameryki To _____ składa wers, mordo, wrzuć to na głośniki, ej" Ferrari
22%
"Mam rezerwacje w ______I przepis na to jak nie myśleć o zyskach i stratach" NASA
22%
"Kiedyś pusty dom pełna scena znów Teraz pełny dom i _________" zamknięty klub
22%
"Gonię za mych bliskich, za tych, którzy __________Dawno odpuliłem idoli, byli dla korzyści jedynie..." polewali whisky
19%
"Butla wódka łycha rum Od tego drinka mam w ____________" głowie szum
18%
"Szukamy siebie w mroku tego miasta, którym rządzi nienawiść
Cały cały czas gdzieś błądzę, cały cały czas
_______ przy sobie jeśli spróbujesz mnie zranić"
Mam smoka
11%
"Robisz ze mnie durnia u swoich znajomych A wiem, że ____________ w nocy" pijana zadzwonisz o trzeciej
11%
"Co oko nie widzi to _______ znowu skłamała a miała być szczera" łapie kamera
9%
"Kiedy czuję ten dotyk, to wiem, że to jest to Myśli w głowie mam sto, ___________" dobry perfum i sok
7%
"Robi zdjęcie lustrzanka, mówisz mi o maczanie ________________ i niech tak już zostanie" Są napisy na klatkach
7%
"Ona tańczy dla mnie, tańczy dance macabre
________, nie mam żadnych barier
Piszę ciągle wiersze, kiedy skarbie zaśniesz"
Buja całą łajbe
5%
"Worek, a w nim cash, schowam na tylnych siedzeniach ______________________, bo lubią latać łukiem" Gdzieś jak w jakimś Tokyo Drift
5%
"Chce ________________ podaj cenę
Za godzinę mogę zejść pod ziemię
Jestem gotów na to poświęcenie"
drogie kamienie złoto kosztowności
1%
"_________, kiedy mnie o Ciebie znowu ktoś pyta
Tak między nami jest i co u Ciebie słychać
Mówię: "Zadzwoń sobie i się sam zapytaj"
Niezręczna cisza
1%
"_____________, nie wygładzi ich krem Uczucia pochowałem dawno, zabili je" Zmarszczki na psychice
1%
Nie znaleziono quizów pasujących do podanych kryteriów
Rozkład punktacji
Procent ludzi z każdym wynikiem
Percentyl według liczby udzielonych odpowiedzi
Twoja historia wyników
Nie rozwiązałeś tego quizu